Guess the Taylor Swift song with no hints #2 - Statistics

General Stats
  • This quiz has been taken 2,795 times
  • The average score is 520 of 646
Answer Stats
Answer % Correct
I
99%
a
98%
You
97%
you
97%
The
96%
the
96%
We
93%
we
93%
and
89%
And
89%
me
89%
me,
89%
to
89%
To
89%
in
87%
In
87%
it
87%
It
87%
your
87%
of
85%
Of
85%
When
85%
when
85%
on
84%
so
84%
Are
83%
too
83%
were
83%
be
81%
my
80%
was
80%
Then
79%
all
78%
out
77%
out,
77%
Out
77%
at
76%
woods
76%
woods?
76%
Woods
76%
us,
75%
"I'm
74%
But
73%
clear
73%
Clear
73%
yet?
73%
yet,
73%
did
72%
now,
72%
now
72%
could
71%
Looking
71%
looking
71%
oh
71%
Oh,
71%
remember
71%
Remember
71%
up,
71%
up
71%
Baby,
70%
baby,
70%
like
70%
just
67%
room
67%
hospital
66%
said
66%
soon?
66%
came
65%
good
65%
hit
65%
Twenty
65%
couldn't
64%
sun
64%
thinking
64%
crying,
63%
night
63%
Seems
63%
simple
63%
Stitches
63%
took
63%
back
62%
Back
62%
free"
62%
started
62%
take
62%
color
60%
couch
60%
from
60%
Polaroid
60%
black
59%
lying
59%
screaming
59%
white
59%
world
59%
brakes
58%
heat?
58%
monsters
57%
rest
57%
turned
57%
fall
56%
together
56%
trees
56%
apart
55%
dance
55%
Last
55%
setting
55%
chance
54%
discovered
54%
move
54%
neck
54%
walked
54%
flying,
53%
flying
53%
forget
53%
decided,
52%
decided
52%
furniture
52%
hanging
52%
quite
52%
stood
52%
Two
52%
airplanes
51%
December
51%
paper
51%
built
47%
necklace
47%
Yeah
45%
Ooh,
26%
No matching quizzes found
Score Distribution
Percent of People with Each Score
Percentile by Number Answered
Your Score History
You have not taken this quiz